书目信息 |
| 题名: |
产业集聚、结构转变与经济增长
|
|
| 作者: | 朱昊 著 | |
| 分册: | ||
| 出版信息: | 北京 中国社会科学出版社 2017 |
|
| 页数: | 239页 | |
| 开本: | 24cm | |
| 丛书名: | ||
| 单 册: | ||
| 中图分类: | F269.24 | |
| 科图分类: | ||
| 主题词: | 产业结构调整--研究--中国 | |
| 电子资源: | ||
| ISBN: | 978-7-5203-0858-8 | |
| 000 | 01378nam0 2200253 450 | |
| 001 | 012001005687 | |
| 005 | 20080820163222.0 | |
| 010 | @a978-7-5203-0858-8@dCNY66.00 | |
| 100 | @a20180217d2017 em y0chiy50 ea | |
| 101 | 0 | @achi |
| 102 | @aCN@b110000 | |
| 105 | @ay z 000yy | |
| 106 | @ar | |
| 200 | 1 | @a产业集聚、结构转变与经济增长@9chan ye ji ju 、 jie gou zhuan bian yu jing ji zeng zhang@dIndustrial agglomeration,structural change and economic growth@f朱昊著@zeng |
| 210 | @a北京@c中国社会科学出版社@d2017 | |
| 215 | @a239页@d24cm | |
| 300 | @a浙江省高校人文社会科学重点研究基地——浙江工商大学应用经济学研究基地项目“结构转变、集聚与经济增长” 国家自然科学基金项目“我国二元经济背景下的增长与发展研究” | |
| 330 | @a本书深入分析了结构转变过程中产业集聚对经济增长的推动作用,基于增长经济学和新经济地理学的理论模型得出结论,即无论是城乡二元结构转变,还是第二和第三产业部门之间的结构转变,抑或是制造业部门内部的结构转变与升级,都离不开经济活动集聚效应。进一步地,该结论得到了相关经验事实的支撑。这一结论对于新常态背景下我国进一步推进新型城镇化建设、引导产业结构的合理转变与升级有着重要的现实意义。 | |
| 510 | 1 | @aIndustrial agglomeration,structural change and economic growth@zeng |
| 606 | 0 | @a产业结构调整@x研究@y中国 |
| 690 | @aF269.24@v5 | |
| 701 | 0 | @a朱昊@9zhu hao@f(1987-)@4著 |
| 801 | 0 | @aCN@b上海新华@c20181010 |
| 905 | @b1167483-7@dF269.24@e278@f5 | |
| 产业集聚、结构转变与经济增长=Industrial agglomeration,structural change and economic growth/朱昊著.-北京:中国社会科学出版社,2017 |
| 239页;24cm |
| 浙江省高校人文社会科学重点研究基地——浙江工商大学应用经济学研究基地项目“结构转变、集聚与经济增长” 国家自然科学基金项目“我国二元经济背景下的增长与发展研究” |
| ISBN 978-7-5203-0858-8:CNY66.00 |
| 本书深入分析了结构转变过程中产业集聚对经济增长的推动作用,基于增长经济学和新经济地理学的理论模型得出结论,即无论是城乡二元结构转变,还是第二和第三产业部门之间的结构转变,抑或是制造业部门内部的结构转变与升级,都离不开经济活动集聚效应。进一步地,该结论得到了相关经验事实的支撑。这一结论对于新常态背景下我国进一步推进新型城镇化建设、引导产业结构的合理转变与升级有着重要的现实意义。 |
| ● |
| 相关链接 |
|
|
|
|
正题名:产业集聚、结构转变与经济增长
索取号:F269.24/278
 
预约/预借
| 序号 | 登录号 | 条形码 | 馆藏地/架位号 | 状态 | 备注 |
| 1 | 1167483 | 211674838 | 第一样本阅览室/ [索取号:F269.24/278] | 在馆 | |
| 2 | 1167484 | 211674847 | 第一借阅区/ [索取号:F269.24/278] | 在馆 | |
| 3 | 1167485 | 211674856 | 第一借阅区/ [索取号:F269.24/278] | 在馆 | |
| 4 | 1167486 | 211674865 | 第一借阅区/ [索取号:F269.24/278] | 在馆 | |
| 5 | 1167487 | 211674874 | 密集书库-海洋学院/ [索取号:F269.24/278] | 在馆 |